Europa de 1815 hasta nuestros días (Record no. 58584)

MARC details
000 -LEADER
campo de control de longitud fija 00675nam a2200205 i 4500
001 - NÚMERO DE CONTROL
campo de control 58584
003 - IDENTIFICADOR DE NÚMERO DE CONTROL
campo de control ES-MaACL
005 - FECHA Y HORA DE LA ÚLTIMA TRANSACCIÓN
campo de control 20230906163836.0
007 - CAMPO FIJO DE DESCRIPCIÓN FÍSICA--INFORMACIÓN GENERAL
campo de control de longitud fija t|
008 - DATOS DE LONGITUD FIJA--INFORMACIÓN GENERAL
campo de control de longitud fija 031023s1967 sp ||||1| spa d
080 ## - NÚMERO DE LA CLASIFICACIÓN DECIMAL UNIVERSAL
Número de la Clasificación Decimal Universal 940"18/19"
100 1# - ENTRADA PRINCIPAL--NOMBRE DE PERSONA
Nombre de persona Duroselle, Jean-Baptiste.
9 (RLIN) 46312
245 10 - MENCIÓN DEL TÍTULO
Título Europa de 1815 hasta nuestros días
Resto del título : vida política y relaciones internacionales /
Mención de responsabilidad, etc. Jean-Baptiste Duroselle ; [traducción por Ana Sallés].
250 ## - MENCION DE EDICION
Mención de edición [1ª ed.].
260 ## - PUBLICACIÓN, DISTRIBUCIÓN, ETC.
Lugar de publicación, distribución, etc. Barcelona :
Nombre del editor, distribuidor, etc. Labor,
Fecha de publicación, distribución, etc. 1967.
300 ## - DESCRIPCIÓN FÍSICA
Extensión XV, 326 p. ;
Dimensiones 20 cm.
651 #4 - PUNTO DE ACCESO ADICIONAL DE MATERIA--NOMBRE GEOGRÁFICO
Nombre geográfico Europa-
Subdivisión general Historia-
Subdivisión cronológica 1789-1900.
9 (RLIN) 138070
700 1# - ENTRADA AGREGADA--NOMBRE PERSONAL
Nombre de persona Sallés, Ana.
9 (RLIN) 101980
852 ## - LOCALIZACIÓN
Ubicación ES-MaACL
Número de control de estantería C-33099
Sublocalización o colección R.63937
Holdings
Estatus retirado Estado de pérdida Estado de daño No para préstamo Biblioteca de origen Biblioteca actual Ubicación en estantería Fecha de adquisición Fuente de adquisición Total de préstamos Signatura topográfica completa Código de barras Visto por última vez Precio de reemplazo Tipo de ítem Koha
        Biblioteca del Ateneo de Madrid Biblioteca del Ateneo de Madrid Depósito 2 17/01/2008     C-33099 1061465 23/02/2023 23/02/2023 Libro impreso